000 00200nam a22000857a 4500
008 170130b xxu||||| |||| 00| 0 eng d
100 _92682
_aArora.S.L.
245 _aPhysics.S.L.
260 _aNew Delhi
_c2011
999 _c5837
_d5837